MARC details
| 000 -LEADER |
| fixed length control field |
01226cam a2200349 i 4500 |
| 001 - CONTROL NUMBER |
| control field |
200454617 |
| 003 - CONTROL NUMBER IDENTIFIER |
| control field |
TR-AnTOB |
| 005 - DATE AND TIME OF LATEST TRANSACTION |
| control field |
20250718141309.0 |
| 007 - PHYSICAL DESCRIPTION FIXED FIELD--GENERAL INFORMATION |
| fixed length control field |
ta |
| 008 - FIXED-LENGTH DATA ELEMENTS--GENERAL INFORMATION |
| fixed length control field |
070808s1984 tu ad 001 0 tur d |
| 040 ## - CATALOGING SOURCE |
| Original cataloging agency |
IU |
| Language of cataloging |
eng |
| Description conventions |
rda |
| Transcribing agency |
IU |
| Modifying agency |
TR-AnTOB |
| 041 1# - LANGUAGE CODE |
| Language code of text/sound track or separate title |
Türkçe |
| Language code of original |
eng |
| 060 #4 - NATIONAL LIBRARY OF MEDICINE CALL NUMBER |
| Classification number |
WI 380 |
| Item number |
B395p 1984 |
| 096 ## - LOCALLY ASSIGNED NLM-TYPE CALL NUMBER (OCLC) |
| Classification number |
WI380 |
| Item number |
B395p 1984 |
| 100 1# - MAIN ENTRY--PERSONAL NAME |
| Personal name |
Becker, H. D. |
| Fuller form of name |
(Heinrich D.) |
| Relator term |
author |
| 9 (RLIN) |
143835 |
| 240 10 - UNIFORM TITLE |
| Uniform title |
Postgastrectomy and postvagotomy syndromes. |
| Language of a work |
Turkish |
| 245 10 - TITLE STATEMENT |
| Title |
Postgastrektomi ve postvagotomi sendromları / |
| Statement of responsibility, etc. |
H.D.Becker, W.F.Caspary ; Türkçeye çevirenler Mustafa Yılmaz, Ali Menteş. |
| 264 #1 - PRODUCTION, PUBLICATION, DISTRIBUTION, MANUFACTURE, AND COPYRIGHT NOTICE |
| Place of production, publication, distribution, manufacture |
İzmir : |
| Name of producer, publisher, distributor, manufacturer |
Bilgehan Basımevi, |
| Date of production, publication, distribution, manufacture, or copyright notice |
1984. |
| 300 ## - PHYSICAL DESCRIPTION |
| Extent |
202 pages : |
| Other physical details |
illustrations, graphs, tables ; |
| Dimensions |
24 cm |
| 336 ## - CONTENT TYPE |
| Content type term |
text |
| Content type code |
txt |
| Source |
rdacontent |
| 337 ## - MEDIA TYPE |
| Media type term |
unmediated |
| Media type code |
n |
| Source |
rdamedia |
| 338 ## - CARRIER TYPE |
| Carrier type term |
volume |
| Carrier type code |
nc |
| Source |
rdacarrier |
| 504 ## - BIBLIOGRAPHY, ETC. NOTE |
| Bibliography, etc. note |
Includes bibliographical references and index. |
| 650 02 - SUBJECT ADDED ENTRY--TOPICAL TERM |
| Topical term or geographic name entry element |
Postgastrectomy Syndromes |
| 9 (RLIN) |
149253 |
|
| Topical term or geographic name entry element |
Stomach |
| General subdivision |
surgery |
| 9 (RLIN) |
149254 |
|
| Topical term or geographic name entry element |
Vagotomy |
| General subdivision |
adverse effects |
| 9 (RLIN) |
149255 |
| 700 10 - ADDED ENTRY--PERSONAL NAME |
| Personal name |
Caspary, W. F. |
| Fuller form of name |
(Wolfgang F.), |
| Dates associated with a name |
1940- |
| Relator term |
author |
| 9 (RLIN) |
143836 |
|
| Personal name |
Yılmaz, Mustafa |
| Relator term |
translator |
| 9 (RLIN) |
10264 |
|
| Personal name |
Menteş, Ali |
| Relator term |
translator |
| 9 (RLIN) |
143838 |
| 942 ## - ADDED ENTRY ELEMENTS (KOHA) |
| Source of classification or shelving scheme |
National Library of Medicine |
| Koha item type |
Book |